Fixed income markets : instruments, applications, mathematics

Bibliographic Details
Main Author: Choudhry, Moorad (Author)
Format: Book
Language:English
Published: Singapore : John Wiley , c2004
Subjects:

MARC

LEADER 00000cam a2200000 7i4500
001 0000006712
005 20070111093000.0
008 060824 si i eng
020 |a 0470821361 
090 0 0 |a HG4650   |b .C447 2004 
100 1 |a Choudhry, Moorad ,   |e author 
245 1 0 |a Fixed income markets :   |b instruments, applications, mathematics   |c Moorad Choudhry 
260 2 |a Singapore :   |b John Wiley ,   |c c2004 
300 |a xix, 898 p. :   |b ill. ;   |c 24 cm. 
504 |a Includes bibliographical references and index 
650 0 |a Fixed-income securities 
999 |a 1000105621   |b Book   |c OPEN SHELF (30 DAYS)   |e Gong Badak Campus